| 000 | 00390nam a2200145Ia 4500 | ||
|---|---|---|---|
| 008 | 151213s9999 xx 000 0 und d | ||
| 100 | _aJenefer Breen & Mary Noble | ||
| 245 |
_aRomantic Literature _cJenefer Breen & Mary Noble |
||
| 260 |
_aLondon _bArnold Pul _c2002 |
||
| 300 | _a3526 p. | ||
| 650 | _aEnglish | ||
| 650 | _aEnglish | ||
| 700 | _aJenefer Breen & Mary Noble | ||
| 999 |
_c2333 _d2333 |
||